[Event "III Festival A"]
[Site "Lido degli Estensi - Comacchio ITA"]
[Date "2002.06.08"]
[Round "2"]
[White "Sciortino, Massimo"]
[Black "Naumkin, Igor"]
[Result "1/2-1/2"]
[WhiteElo "2204"]
[BlackElo "2433"]
[PlyCount "26"]
[EventDate "2002.06.07"]

1. e4 e6 2. d4 d5 3. Nd2 Nf6 4. e5 Nfd7 5. Bd3 c5 6. c3 Nc6 7. Ngf3 cxd4 8.
cxd4 Qb6 9. O-O Nxd4 10. Nxd4 Qxd4 11. Nf3 Qb6 12. Qa4 Qb4 13. Qc2 Qc5 1/2-1/2

[Event "III Festival A"]
[Site "Lido degli Estensi - Comacchio ITA"]
[Date "2002.06.08"]
[Round "2"]
[White "Wohl, Aleksandar H."]
[Black "Vospernik, Andrej"]
[Result "1-0"]
[WhiteElo "2388"]
[BlackElo "2150"]
[PlyCount "166"]
[EventDate "2002.06.07"]

1. e4 e6 2. Qe2 e5 3. Nf3 Nc6 4. c3 Nf6 5. d4 exd4 6. e5 d3 7. Qxd3 Qe7 8. Qe2
Nd5 9. Qe4 Nf6 10. Qe2 Nd5 11. c4 Qb4+ 12. Kd1 Nb6 13. Nc3 Be7 14. a3 Qb3+ 15.
Ke1 Na4 16. Nd5 O-O 17. h4 Bc5 18. Rh3 d6 19. Rg3 Bf5 20. Ng5 Qc2 21. Nf6+ Kh8
22. Qxc2 Bxc2 23. Nd7 Rfe8 24. b3 Bd4 25. Ra2 Bb1 26. Re2 Nc3 27. Ree3 Bg6 28.
Bd3 Re7 29. Bxg6 hxg6 30. Rxc3 Bxc3+ 31. Rxc3 Rxd7 32. exd6 Re8+ 33. Kf1 f6 34.
Nf3 Rxd6 35. Be3 Red8 36. Ke2 b6 37. g3 Re6 38. c5 Nd4+ 39. Nxd4 Rxd4 40. cxb6
cxb6 41. Rc7 a6 42. Rc8+ Kh7 43. Ra8 b5 44. Ra7 Rd8 45. a4 Rd5 46. a5 b4 47.
Rb7 Rxa5 48. Rxb4 Rd5 49. Ra4 Kg8 50. Rb4 Kf7 51. Rb7+ Kf8 52. Rb8+ Ke7 53.
Rb7+ Rd7 54. Rb4 Kd8 55. Rg4 f5 56. Rb4 Kc8 57. Kf3 Rb7 58. Rc4+ Kd7 59. Rc3
Re5 60. Bc5 Rc7 61. b4 Rc6 62. Rd3+ Ke8 63. Ra3 Kf7 64. Ra1 Ke6 65. Bf8 Re4 66.
Rb1 Kf7 67. Bc5 a5 68. Rb2 Rc8 69. Bd6 Ke6 70. Bc5 Kd5 71. Rd2+ Kc4 72. Be3
Kxb4 73. Rb2+ Kc3 74. Rb6 Ra8 75. Rxg6 Rg4 76. Bg5 Ra7 77. Rc6+ Rc4 78. Rg6
Rcc7 79. Be3 Ra8 80. Bf4 Rc5 81. Rxg7 a4 82. Bd6 a3 83. Bxc5 Ra7 1-0

[Event "III Festival A"]
[Site "Lido degli Estensi - Comacchio ITA"]
[Date "2002.06.10"]
[Round "3"]
[White "Barlocco, Carlo"]
[Black "Brumen, Dinko"]
[Result "0-1"]
[WhiteElo "2129"]
[BlackElo "2408"]
[PlyCount "150"]
[EventDate "2002.06.07"]

1. d4 d5 2. Bf4 Nf6 3. e3 c5 4. c3 Nc6 5. Nf3 Qb6 6. Qb3 c4 7. Qc2 Bf5 8. Qc1
e6 9. Nbd2 Be7 10. Be2 O-O 11. Nh4 Bg6 12. Nxg6 hxg6 13. e4 a5 14. O-O Rfc8 15.
exd5 exd5 16. Bf3 Qd8 17. a4 b5 18. axb5 Na7 19. b6 Qxb6 20. Re1 Bf8 21. Be5
Rd8 22. Nf1 Nc6 23. Ne3 Qb5 24. Rd1 Ra7 25. Qc2 Ne7 26. Ra2 Nd7 27. Bd6 Nb6 28.
Bc5 Nec8 29. Nxd5 Nxd5 30. Bxa7 Nxa7 31. Qa4 Qb8 32. Qxa5 Nb5 33. Bxd5 Rxd5 34.
Qa8 Qe5 35. Raa1 Qg5 36. Qb8 Rd8 37. Qe5 Qf5 38. Qxf5 gxf5 39. Ra4 Nd6 40. Rda1
Rb8 41. R1a2 g6 42. Ra8 Rb5 43. g3 f4 44. gxf4 Kg7 45. Kg2 Be7 46. R8a7 Bf8 47.
Rc7 Rf5 48. Kg3 Ne4+ 49. Kf3 Ng5+ 50. Ke3 Bd6 51. Rxc4 Bxf4+ 52. Ke2 Nh3 53. b4
Bxh2 54. Kf1 Rg5 55. Rc5 Rg1+ 56. Ke2 g5 57. Rf5 Kg6 58. Rb5 g4 59. Ra6+ f6 60.
Rbb6 Nf4+ 61. Kd2 Nd5 62. Rd6 Bf4+ 63. Kd3 Bxd6 64. Rxd6 Nf4+ 65. Kc4 Rf1 66.
Rd8 Rxf2 67. b5 Rb2 68. d5 Kf5 69. d6 g3 70. d7 g2 71. Rg8 Rd2 72. Rxg2 Nxg2
73. Kc5 Rxd7 74. Kc6 Ke6 75. c4 Nf4 0-1

[Event "III Festival A"]
[Site "Lido degli Estensi - Comacchio ITA"]
[Date "2002.06.10"]
[Round "3"]
[White "Berni, Giorgio"]
[Black "Roeder, Matthias"]
[Result "1-0"]
[WhiteElo "2198"]
[BlackElo "2487"]
[PlyCount "117"]
[EventDate "2002.06.07"]

1. e4 c5 2. Nf3 d6 3. Bc4 Nf6 4. d3 Nc6 5. c3 a6 6. Bb3 Bg4 7. Nbd2 e6 8. h3
Bh5 9. O-O Be7 10. a3 d5 11. Bc2 b5 12. b4 d4 13. bxc5 dxc3 14. Nb3 Bxf3 15.
Qxf3 Bxc5 16. Nxc5 Nd4 17. Qd1 a5 18. e5 Qd5 19. exf6 Qxc5 20. fxg7 Rg8 21. Be3
Rxg7 22. Bxd4 Qxd4 23. Qf3 Rd8 24. Rfe1 Rd5 25. Re4 Qc5 26. d4 Qc7 27. Re5 Rxe5
28. dxe5 Qxe5 29. Qa8+ Ke7 30. Rd1 Qc7 31. Qe4 Qc5 32. Qb7+ Kf6 33. Rd3 b4 34.
Rf3+ Ke5 35. Qb8+ Kd5 36. Qd8+ Kc6 37. Ba4+ Kb7 38. Rd3 f5 39. axb4 axb4 40.
Rd7+ Rxd7 41. Qxd7+ Kb6 42. Qxe6+ Ka5 43. Bc2 Qb5 44. Bb3 f4 45. Bc4 Qb7 46.
Qf5+ Ka4 47. Qc2+ Ka5 48. Bb3 Qc7 49. Qe4 h6 50. Kf1 Qd6 51. Ke2 Qd2+ 52. Kf3
Qd6 53. Qxf4 Qd3+ 54. Qe3 Qg6 55. Qc5+ Ka6 56. Bc4+ Kb7 57. Qxb4+ Kc7 58. Qxc3
Qf6+ 59. Qxf6 1-0

[Event "III Festival A"]
[Site "Lido degli Estensi - Comacchio ITA"]
[Date "2002.06.10"]
[Round "3"]
[White "Bukal, Vladimir jr"]
[Black "Poropat, Marijan"]
[Result "1-0"]
[WhiteElo "2393"]
[BlackElo "2135"]
[PlyCount "93"]
[EventDate "2002.06.07"]

1. d4 Nf6 2. Nf3 g6 3. c4 c5 4. Nc3 Bg7 5. d5 d6 6. g3 O-O 7. Bg2 e5 8. dxe6
fxe6 9. O-O Nc6 10. h3 a6 11. Bg5 Ne7 12. Bxf6 Bxf6 13. Ne4 Nf5 14. Qd2 Nd4 15.
Nxd4 cxd4 16. Rad1 Bg7 17. Qb4 d5 18. cxd5 exd5 19. Nd2 Re8 20. Rfe1 Qe7 21.
Qb3 Kh8 22. Nf3 Be6 23. Nxd4 Rad8 24. Nxe6 Qxe6 25. Rxd5 Qe7 26. Rxd8 Qxd8 27.
Qd5 Qxd5 28. Bxd5 b5 29. b3 Bc3 30. Rc1 b4 31. e4 Kg7 32. Kg2 Kf6 33. f4 g5 34.
Rd1 Rd8 35. Kf3 h5 36. h4 g4+ 37. Ke3 Ke7 38. Rd3 Rc8 39. Bc4 a5 40. e5 a4 41.
Ke4 a3 42. f5 Rc5 43. f6+ Ke8 44. Bd5 Be1 45. e6 Rc2 46. e7 Rc6 47. Bxc6+ 1-0

[Event "III Festival A"]
[Site "Lido degli Estensi - Comacchio ITA"]
[Date "2002.06.10"]
[Round "3"]
[White "Bukal, Vladimir sr"]
[Black "Iordachescu, Viorel"]
[Result "1/2-1/2"]
[WhiteElo "2432"]
[BlackElo "2555"]
[PlyCount "96"]
[EventDate "2002.06.07"]

1. c4 e5 2. Nc3 d6 3. Nf3 f5 4. g3 Nf6 5. Bg2 g6 6. O-O Bg7 7. Rb1 O-O 8. d3 a5
9. a3 Kh8 10. Bd2 Nc6 11. Qc1 Be6 12. b3 Qd7 13. Bh6 Rae8 14. Bxg7+ Qxg7 15.
Qd2 f4 16. Ng5 Bc8 17. Nd5 h6 18. Nxf6 Qxf6 19. Bxc6 bxc6 20. Ne4 Qf7 21. f3 d5
22. Nf2 g5 23. g4 h5 24. h3 Qh7 25. Kg2 e4 26. dxe4 dxe4 27. Qd4+ Qg7 28. Qxg7+
Kxg7 29. fxe4 hxg4 30. hxg4 Be6 31. Kf3 Rb8 32. Rfd1 Rh8 33. b4 axb4 34. axb4
Kf6 35. Rdc1 Ra8 36. Ra1 Rhb8 37. Rxa8 Rxa8 38. Rc3 Ra4 39. Nd3 Ra1 40. b5 Rg1
41. Kf2 Rg3 42. Ra3 cxb5 43. cxb5 Bxg4 44. Ra6+ Ke7 45. Ra7 Kd8 46. Ra8+ Ke7
47. Ra7 Kd8 48. Ra8+ Ke7 1/2-1/2

[Event "III Festival A"]
[Site "Lido degli Estensi - Comacchio ITA"]
[Date "2002.06.10"]
[Round "3"]
[White "Burani, Eugenio"]
[Black "Lamoureux, Charles"]
[Result "0-1"]
[WhiteElo "2072"]
[BlackElo "2386"]
[PlyCount "38"]
[EventDate "2002.06.07"]

1. e4 c5 2. Nf3 e6 3. d4 cxd4 4. Nxd4 a6 5. Be2 Qc7 6. Be3 Nf6 7. Nd2 e5 8.
N4b3 d5 9. exd5 Nxd5 10. Bg5 h6 11. Bh4 Be6 12. Bg3 Nc6 13. O-O O-O-O 14. Qe1
g5 15. Ne4 f5 16. Nec5 Bg7 17. c4 Nf6 18. h4 f4 19. hxg5 hxg5 0-1

[Event "III Festival A"]
[Site "Lido degli Estensi - Comacchio ITA"]
[Date "2002.06.10"]
[Round "3"]
[White "Costantini, Laura"]
[Black "Trabert, Bettina"]
[Result "0-1"]
[WhiteElo "2058"]
[BlackElo "2291"]
[PlyCount "86"]
[EventDate "2002.06.07"]

1. e4 e5 2. Nf3 Nc6 3. d4 exd4 4. Nxd4 Bb4+ 5. c3 Bc5 6. Be3 Bb6 7. Nd2 Nf6 8.
Bc4 O-O 9. O-O Nxd4 10. cxd4 d5 11. exd5 Nxd5 12. Nf3 Bg4 13. Bd3 Re8 14. Re1
Qf6 15. Qc2 Bxf3 16. gxf3 Nxe3 17. fxe3 Qxf3 18. Qf2 Qxf2+ 19. Kxf2 Re7 20. Bc4
Rae8 21. Rad1 Kf8 22. Kf3 f5 23. Re2 g6 24. b4 c6 25. Rde1 Kg7 26. a3 Kf6 27.
Rg1 g5 28. h3 h5 29. Rge1 g4+ 30. Kg2 Kg5 31. Bd3 Bc7 32. hxg4 hxg4 33. Rg1 f4
34. exf4+ Bxf4 35. Rxe7 Rxe7 36. b5 Re3 37. Rd1 Rg3+ 38. Kf2 cxb5 39. Bxb5 Rxa3
40. d5 Bd6 41. Kg2 Ra2+ 42. Kg1 Bc5+ 43. Kh1 g3 0-1

[Event "III Festival A"]
[Site "Lido degli Estensi - Comacchio ITA"]
[Date "2002.06.10"]
[Round "3"]
[White "Dubois, Martine"]
[Black "Sartori, Spartaco"]
[Result "0-1"]
[WhiteElo "2040"]
[BlackElo "2262"]
[PlyCount "50"]
[EventDate "2002.06.07"]

1. e4 e6 2. d4 d5 3. Nc3 Bb4 4. e5 c5 5. Qg4 Ne7 6. Nf3 Nbc6 7. a3 Qa5 8. Bd2
cxd4 9. Nxd4 Nxd4 10. Qxd4 Nc6 11. Qg4 O-O 12. Bd3 d4 13. axb4 Qxa1+ 14. Ke2
Qxh1 15. Ne4 Qxh2 16. Bf4 Nxe5 17. Qg5 h6 18. Qxe5 Qxg2 19. Qh5 e5 20. Qxe5
Bg4+ 21. Kd2 Qf3 22. Nf6+ gxf6 23. Qxd4 Qd1+ 24. Kc3 Rfc8+ 25. Kb3 Be6+ 0-1

[Event "III Festival A"]
[Site "Lido degli Estensi - Comacchio ITA"]
[Date "2002.06.10"]
[Round "3"]
[White "Galego, Luis"]
[Black "Jaracz, Barbara"]
[Result "1-0"]
[WhiteElo "2532"]
[BlackElo "2288"]
[PlyCount "77"]
[EventDate "2002.06.07"]

1. c4 Nf6 2. Nc3 e5 3. g3 Bb4 4. Bg2 O-O 5. Na4 Nc6 6. a3 Be7 7. Nc3 d6 8. d3
Bf5 9. Nf3 Qd7 10. h3 h6 11. e4 Be6 12. Nd5 Nh7 13. g4 Bxd5 14. cxd5 Nb8 15. d4
Bf6 16. Be3 c6 17. dxc6 Qxc6 18. O-O Nd7 19. d5 Qb5 20. a4 Qb4 21. Qd2 Qxd2 22.
Nxd2 Rfc8 23. Rfc1 Kf8 24. Nc4 Ke7 25. Na5 Bg5 26. Bxg5+ Nxg5 27. Nxb7 Nc5 28.
Na5 Kf8 29. h4 Nh7 30. b4 Nd3 31. Rxc8+ Rxc8 32. Nc6 Rc7 33. Bf1 Nf4 34. b5 g6
35. a5 Nf6 36. b6 axb6 37. a6 Rc8 38. a7 Ra8 39. Ba6 1-0

[Event "III Festival A"]
[Site "Lido degli Estensi - Comacchio ITA"]
[Date "2002.06.10"]
[Round "3"]
[White "Happel, Hendrik A."]
[Black "Drazic, Sinisa"]
[Result "1/2-1/2"]
[WhiteElo "2255"]
[BlackElo "2474"]
[PlyCount "167"]
[EventDate "2002.06.07"]

1. d4 g6 2. c4 Bg7 3. Nc3 d6 4. e4 e5 5. Nf3 Nd7 6. Be2 Ne7 7. d5 O-O 8. Qc2 h6
9. Bd2 c6 10. dxc6 bxc6 11. Rd1 Qc7 12. Bd3 Nc5 13. b4 Nxd3+ 14. Qxd3 Be6 15.
O-O f5 16. Rc1 a6 17. Rfd1 Rad8 18. Be1 Qb8 19. a3 fxe4 20. Nxe4 Bf5 21. Nfd2
Kh7 22. Qe2 Bc8 23. Nb3 d5 24. cxd5 cxd5 25. Nec5 Qb5 26. Qd2 d4 27. a4 Qc6 28.
Qe2 Nd5 29. b5 axb5 30. axb5 Nf4 31. Qf1 Qd5 32. Bd2 e4 33. Bxf4 Rxf4 34. g3
Qg5 35. Qg2 Rff8 36. Nxe4 Qxb5 37. Nbc5 Bg4 38. Rd2 Rde8 39. f4 Kh8 40. h3 Bf5
41. Nd6 Qb6 42. Nxe8 Rxe8 43. g4 Bc8 44. Rb2 Qd6 45. Nd3 Qa3 46. Rb8 Kh7 47.
Rbxc8 Rxc8 48. Rxc8 Qxd3 49. Rd8 Qe3+ 50. Qf2 Qxh3 51. g5 Qg4+ 52. Qg2 Qd1+ 53.
Kh2 Qh5+ 54. Kg1 Qd1+ 55. Kh2 Qh5+ 56. Kg1 Qh4 57. Rd7 Qe1+ 58. Kh2 Qh4+ 59.
Kg1 Qxf4 60. gxh6 Qe3+ 61. Kh2 Qe5+ 62. Kg1 Qe1+ 63. Kh2 Qh4+ 64. Kg1 Kxh6 65.
Qh2 Qxh2+ 66. Kxh2 Be5+ 67. Kg2 Kg5 68. Kf3 Kf5 69. Rd8 g5 70. Rg8 Bf6 71. Kf2
Ke4 72. Rg6 Kf5 73. Rg8 g4 74. Rf8 d3 75. Ke3 g3 76. Rb8 Kg4 77. Rb4+ Kh3 78.
Kxd3 g2 79. Rb1 Kh2 80. Ke2 Bd4 81. Kf3 Kh3 82. Rd1 Bb6 83. Rb1 Bc5 84. Rc1
1/2-1/2

[Event "III Festival A"]
[Site "Lido degli Estensi - Comacchio ITA"]
[Date "2002.06.10"]
[Round "3"]
[White "Jaracz, Pawel"]
[Black "Isonzo, David"]
[Result "1/2-1/2"]
[WhiteElo "2506"]
[BlackElo "2360"]
[PlyCount "140"]
[EventDate "2002.06.07"]

1. e4 e5 2. Nf3 Nc6 3. Bb5 Nf6 4. d3 Bc5 5. c3 d6 6. Nbd2 a6 7. Ba4 Ba7 8. h3
O-O 9. O-O h6 10. Re1 Ne7 11. Nf1 Ng6 12. d4 d5 13. exd5 exd4 14. Nxd4 Nxd5 15.
Ng3 Ndf4 16. Bxf4 Nxf4 17. Qf3 Ne6 18. Ndf5 Ng5 19. Qf4 Bxf5 20. Nxf5 Ne6 21.
Qe4 Qd2 22. Re2 Qf4 23. Qxf4 Nxf4 24. Rd2 Rfd8 25. Rad1 Ne6 26. Kf1 Rxd2 27.
Rxd2 Rd8 28. Rxd8+ Nxd8 29. Bb3 Kf8 30. Ke2 h5 31. f4 g6 32. Nh4 Ke7 33. Kf3
Kf6 34. Ke4 Ne6 35. Bxe6 Kxe6 36. f5+ Kf6 37. fxg6 fxg6 38. Nf3 Bf2 39. Ne5 Ba7
40. Nc4 Ke6 41. Na5 b5 42. Nc6 Bf2 43. Ne5 Kf6 44. Nd3 Bb6 45. b3 a5 46. a4
bxa4 47. bxa4 g5 48. g4 hxg4 49. hxg4 Ke6 50. Ne5 c5 51. Nd3 Ba7 52. Nc1 Bb6
53. Nb3 Kd6 54. Nd2 Ke6 55. Nc4 Bc7 56. Ne3 Be5 57. Kd3 c4+ 58. Nxc4 Bc7 59.
Ke4 Bd8 60. Ne3 Bf6 61. Nd5 Be5 62. c4 Bd6 63. Nc3 Bc5 64. Nd1 Bd6 65. Nf2 Be7
66. Nd3 Bd6 67. Kf3 Be7 68. Nc1 Ke5 69. Nb3 Bd8 70. Ke3 Bc7 1/2-1/2

[Event "III Festival A"]
[Site "Lido degli Estensi - Comacchio ITA"]
[Date "2002.06.10"]
[Round "3"]
[White "Kohlweyer, Bernd"]
[Black "Sciortino, Massimo"]
[Result "1-0"]
[WhiteElo "2453"]
[BlackElo "2204"]
[PlyCount "55"]
[EventDate "2002.06.07"]

1. d4 f5 2. g3 e6 3. Bg2 Nf6 4. c4 Bb4+ 5. Nd2 a5 6. Ngf3 b6 7. Ne5 Ra7 8. O-O
Bxd2 9. Bxd2 d6 10. Qa4+ Bd7 11. Nxd7 Nbxd7 12. c5 Ne4 13. Bxe4 fxe4 14. cxd6
cxd6 15. Qc6 O-O 16. Qxe4 Qe8 17. Rac1 Nf6 18. Qd3 Qh5 19. f3 Raf7 20. Kg2 g5
21. Qe3 h6 22. Qxe6 Re8 23. Rc8 Rxc8 24. Qxc8+ Kg7 25. Qf5 d5 26. g4 Qg6 27.
Qxg6+ Kxg6 28. Rc1 1-0

[Event "III Festival A"]
[Site "Lido degli Estensi - Comacchio ITA"]
[Date "2002.06.10"]
[Round "3"]
[White "Laketic, Gojko"]
[Black "Dickhoff, Ronald"]
[Result "1-0"]
[WhiteElo "2446"]
[BlackElo "2230"]
[PlyCount "89"]
[EventDate "2002.06.07"]

1. d4 Nf6 2. Nf3 e6 3. g3 b6 4. Bg2 Bb7 5. c4 Be7 6. O-O O-O 7. Nc3 Ne4 8. Bd2
Bf6 9. Qc2 Nxd2 10. Qxd2 d6 11. Rad1 Qe7 12. e4 g6 13. Rfe1 Bg7 14. h4 Nd7 15.
Qe2 Rac8 16. h5 a6 17. Qe3 Rfd8 18. h6 Bh8 19. Rd2 Qf8 20. Red1 Ba8 21. Nh2 c5
22. dxc5 Nxc5 23. Ng4 Qe7 24. Qf4 Nb7 25. e5 dxe5 26. Nxe5 Rxd2 27. Rxd2 Qf6
28. Nd7 Qxf4 29. gxf4 Rd8 30. Ne4 Rc8 31. Nxb6 Rd8 32. Rxd8+ Nxd8 33. Nxa8 Bxb2
34. Nb6 Bc1 35. Nf6+ Kf8 36. Nxh7+ Ke7 37. Ng5 Bxf4 38. h7 Be5 39. c5 Bg7 40.
Nc4 f6 41. Ne4 Nf7 42. Ncd6 Ne5 43. f4 Nd3 44. c6 f5 45. c7 1-0

[Event "III Festival A"]
[Site "Lido degli Estensi - Comacchio ITA"]
[Date "2002.06.10"]
[Round "3"]
[White "Misanovic, Vesna"]
[Black "Tomba, Ivan"]
[Result "1-0"]
[WhiteElo "2347"]
[BlackElo "2121"]
[PlyCount "81"]
[EventDate "2002.06.07"]

1. d4 Nf6 2. c4 g6 3. Nc3 Bg7 4. e4 d6 5. Bd3 O-O 6. Nge2 Nc6 7. O-O e5 8. d5
Nd4 9. Nxd4 exd4 10. Nb5 Re8 11. Re1 Nd7 12. Bf1 Nc5 13. f3 f5 14. Nxd4 fxe4
15. fxe4 Nxe4 16. Be3 Bd7 17. Rc1 Qf6 18. Rc2 Re7 19. Qf3 Qe5 20. Qd1 Rae8 21.
Nf3 Qh5 22. Bd4 Ng5 23. Rxe7 Rxe7 24. Bxg7 Nxf3+ 25. Qxf3 Qxf3 26. gxf3 Kxg7
27. Kf2 Kf6 28. b4 b6 29. Rc3 Re8 30. Ra3 Ra8 31. Ke3 a5 32. Kd4 Bc8 33. c5 Bb7
34. cxb6 cxb6 35. Bb5 axb4 36. Rxa8 Bxa8 37. Bc6 Bxc6 38. dxc6 Ke6 39. Kc4 d5+
40. Kb5 d4 41. Kxb6 1-0

[Event "III Festival A"]
[Site "Lido degli Estensi - Comacchio ITA"]
[Date "2002.06.10"]
[Round "3"]
[White "Mitkov, Nikola"]
[Black "Sarno, Spartaco"]
[Result "1-0"]
[WhiteElo "2493"]
[BlackElo "2399"]
[PlyCount "71"]
[EventDate "2002.06.07"]

1. e4 d6 2. Nc3 g6 3. d4 Nf6 4. Bg5 Bg7 5. Qd2 O-O 6. f4 c6 7. Bd3 b5 8. Nf3
Nbd7 9. O-O Bb7 10. e5 Ne8 11. Rae1 f6 12. exf6 exf6 13. Bh4 Bh6 14. Qe2 Bxf4
15. Qe4 Bh6 16. Nxb5 Nb6 17. Qe6+ Kh8 18. Nc3 Nc7 19. Qe7 Kg8 20. Bg3 Nc8 21.
Bc4+ Kh8 22. Qxd8 Rxd8 23. Ne4 Bg7 24. Nc5 Rb8 25. c3 Nb6 26. Bb3 Bf8 27. Nd2
f5 28. Nf3 Re8 29. Ng5 dxc5 30. Bxc7 cxd4 31. Bxb8 Rxb8 32. cxd4 c5 33. dxc5
Bxc5+ 34. Kh1 Ba6 35. Rf3 Nc4 36. Re6 1-0

[Event "III Festival A"]
[Site "Lido degli Estensi - Comacchio ITA"]
[Date "2002.06.10"]
[Round "3"]
[White "Molina, Fabrizio"]
[Black "Frank, Albert"]
[Result "1-0"]
[WhiteElo "2278"]
[BlackElo "2063"]
[PlyCount "73"]
[EventDate "2002.06.07"]

1. c4 b6 2. Nc3 Bb7 3. e4 e6 4. g3 Bb4 5. Nge2 f5 6. Bg2 Nf6 7. Qc2 O-O 8. O-O
fxe4 9. Nxe4 Bxe4 10. Bxe4 Nxe4 11. Qxe4 Nc6 12. a3 Bd6 13. d4 Qf6 14. f4 e5
15. c5 bxc5 16. Qd5+ Kh8 17. dxc5 Be7 18. Be3 Qf7 19. Qd3 Qh5 20. Rae1 Rad8 21.
Qc4 Qg4 22. b4 exf4 23. Rxf4 Rxf4 24. Qxf4 Qh5 25. Qxc7 Ne5 26. Nf4 Qf5 27. Qb7
g5 28. Bd4 Bf6 29. Bxe5 Bxe5 30. Qe4 Qxe4 31. Rxe4 Bb2 32. Nd5 Bxa3 33. Re7 Bb2
34. Kf2 Bd4+ 35. Kf3 a5 36. Ke4 Bg1 37. Nf6 1-0

[Event "III Festival A"]
[Site "Lido degli Estensi - Comacchio ITA"]
[Date "2002.06.10"]
[Round "3"]
[White "Naumkin, Igor"]
[Black "Glek, Igor V."]
[Result "1/2-1/2"]
[WhiteElo "2433"]
[BlackElo "2605"]
[PlyCount "112"]
[EventDate "2002.06.07"]

1. d4 e6 2. c4 f5 3. Nf3 Nf6 4. g3 Bb4+ 5. Bd2 Bxd2+ 6. Qxd2 O-O 7. Bg2 d6 8.
Nc3 Qe7 9. Rd1 c6 10. O-O d5 11. e3 Nbd7 12. Qc2 b6 13. Rfe1 Bb7 14. Ne2 Ne4
15. Nf4 Rac8 16. Qa4 a5 17. Rc1 Rfe8 18. Nd3 Ba6 19. Nde5 Nxe5 20. Nxe5 Bxc4
21. Bxe4 fxe4 22. Nxc4 b5 23. Qxa5 bxc4 24. b3 Ra8 25. Qd2 cxb3 26. axb3 Ra6
27. Rc3 Rb8 28. Rec1 Rbb6 29. h4 Qb7 30. Qc2 Qa8 31. Qd1 h6 32. Kg2 Kh7 33. Qg4
Qe8 34. Qe2 e5 35. dxe5 Qxe5 36. Qg4 Qf6 37. Qe2 Ra1 38. Qd1 Ra2 39. R1c2 Rxc2
40. Rxc2 Ra6 41. Qg4 Rb6 42. Qd1 Qf5 43. Ra2 c5 44. Ra5 Rc6 45. Qc2 Qc8 46. Qd2
Qe6 47. b4 cxb4 48. Qxb4 Qf6 49. Qd2 Rb6 50. Rc5 Rb2 51. Rc2 Rb3 52. Qd1 Qf5
53. Rd2 Rd3 54. Kg1 h5 55. Qe2 Kg6 56. Rd1 Kh6 1/2-1/2

[Event "III Festival A"]
[Site "Lido degli Estensi - Comacchio ITA"]
[Date "2002.06.10"]
[Round "3"]
[White "Nevednichy, Vladislav"]
[Black "Chabanon, Jean-Luc"]
[Result "1-0"]
[WhiteElo "2560"]
[BlackElo "2483"]
[PlyCount "123"]
[EventDate "2002.06.07"]

1. e4 c5 2. Nf3 d6 3. d4 cxd4 4. Nxd4 Nf6 5. Nc3 g6 6. Be3 Bg7 7. Be2 O-O 8.
O-O Nc6 9. Qd2 Nxd4 10. Bxd4 Bd7 11. Rad1 Bc6 12. Qe3 Nd7 13. Bxg7 Kxg7 14.
Qd4+ Kg8 15. b4 a6 16. a4 b6 17. f4 Qc7 18. b5 axb5 19. axb5 Bb7 20. e5 Ra3 21.
Nb1 Ra2 22. exd6 exd6 23. Qxd6 Qc5+ 24. Qxc5 Nxc5 25. Rd2 Ne4 26. Rd4 Rc8 27.
Bf3 Nc5 28. Bxb7 Nxb7 29. c4 Rc2 30. Nd2 Rd8 31. Rxd8+ Nxd8 32. Rd1 Ne6 33. g3
Kf8 34. Kf2 Nc5 35. Ke3 Rc3+ 36. Ke2 Rc2 37. Ra1 Ke7 38. Ra7+ Ke6 39. Kd1 Rc3
40. Rc7 Na4 41. Ke2 h6 42. Nf3 Nb2 43. Nd4+ Kd6 44. Rc6+ Kd7 45. Rxb6 Rxc4 46.
Ke3 Rc3+ 47. Ke4 Nc4 48. Rc6 Nd6+ 49. Ke5 Nxb5 50. Rxc3 Nxc3 51. Kf6 Ke8 52. f5
g5 53. Kg7 h5 54. f6 Ne4 55. Nb5 g4 56. Nc7+ Kd7 57. Kxf7 Kxc7 58. Ke7 Ng5 59.
f7 Nh7 60. f8=Q Nxf8 61. Kxf8 Kd6 62. Kf7 1-0

[Event "III Festival A"]
[Site "Lido degli Estensi - Comacchio ITA"]
[Date "2002.06.10"]
[Round "3"]
[White "Olarasu, Gabriela"]
[Black "Popa, Claudiu"]
[Result "1/2-1/2"]
[WhiteElo "2289"]
[BlackElo "2077"]
[PlyCount "86"]
[EventDate "2002.06.07"]

1. Nf3 Nf6 2. c4 e6 3. Nc3 d5 4. d4 Be7 5. Bg5 O-O 6. e3 c6 7. Qc2 Nbd7 8. Bd3
dxc4 9. Bxc4 b5 10. Bd3 Bb7 11. O-O a6 12. Rfd1 h6 13. Bxf6 Nxf6 14. a3 Qb6 15.
Ne4 Nxe4 16. Bxe4 f5 17. Bd3 c5 18. dxc5 Bxc5 19. b4 Bxf3 20. gxf3 Be7 21. Rac1
Rac8 22. Qb3 Kh8 23. Bb1 Rxc1 24. Rxc1 e5 25. Qd5 Qf6 26. Qd7 Qg5+ 27. Kf1 e4
28. f4 Qh4 29. Rc8 Qh3+ 30. Ke1 Qxh2 31. Rxf8+ Bxf8 32. Qxf5 Qh1+ 33. Ke2 Qxb1
34. Qxf8+ Kh7 35. Qf5+ Kh8 36. Qc8+ Kh7 37. Qf5+ Kh8 38. Qd5 Kh7 39. Qd4 Kh8
40. f5 Kh7 41. Qd6 Kh8 42. Qd8+ Kh7 43. Qd4 Kg8 1/2-1/2

[Event "III Festival A"]
[Site "Lido degli Estensi - Comacchio ITA"]
[Date "2002.06.10"]
[Round "3"]
[White "Peek, Marcel"]
[Black "Cebalo, Miso"]
[Result "1-0"]
[WhiteElo "2345"]
[BlackElo "2515"]
[PlyCount "81"]
[EventDate "2002.06.07"]

1. d4 Nf6 2. c4 e6 3. Nf3 c5 4. d5 exd5 5. cxd5 d6 6. Nc3 g6 7. e4 a6 8. Bg5
Bg7 9. Nd2 b5 10. Qc2 O-O 11. Be2 Nbd7 12. a4 b4 13. Nd1 h6 14. Bh4 Re8 15. O-O
b3 16. Qxb3 g5 17. Bg3 Nxe4 18. Nxe4 Rxe4 19. Qc2 Nf6 20. Ne3 Re8 21. Bd3 Rb8
22. Rad1 Ng4 23. Nc4 Ne5 24. Bh7+ Kh8 25. Bxe5 Bxe5 26. Nxe5 dxe5 27. Bf5 Qd6
28. Bxc8 Rexc8 29. Rfe1 Kg7 30. h4 Re8 31. Re3 Rb4 32. hxg5 hxg5 33. Rh3 e4 34.
Qc3+ Re5 35. Rh5 Kf8 36. Rh6 Qxh6 37. Qxe5 Qg7 38. Qc7 Qxb2 39. Qxc5+ Kg7 40.
d6 Qb3 41. Qxg5+ 1-0

[Event "III Festival A"]
[Site "Lido degli Estensi - Comacchio ITA"]
[Date "2002.06.10"]
[Round "3"]
[White "Roberti, Ignazio"]
[Black "Cedikova, Katerina"]
[Result "0-1"]
[WhiteElo "1769"]
[BlackElo "2168"]
[PlyCount "68"]
[EventDate "2002.06.07"]

1. e4 g6 2. d4 Bg7 3. Nf3 d6 4. c3 Nd7 5. Bd3 e6 6. Qe2 Ne7 7. Bg5 h6 8. Bh4
O-O 9. g4 e5 10. h3 exd4 11. cxd4 c5 12. Nc3 cxd4 13. Nd5 g5 14. Bg3 Nxd5 15.
exd5 Re8 16. Be4 Nc5 17. Nd2 f5 18. gxf5 Nxe4 19. Nxe4 Qa5+ 20. Kf1 Bxf5 21. f3
Qxd5 22. Re1 d3 23. Qd2 Bxe4 24. fxe4 Rxe4 25. Rh2 Rf8+ 26. Kg1 Bd4+ 27. Bf2
Rxf2 28. Rxf2 Rxe1+ 29. Qxe1 Qf7 30. Kg2 Qxf2+ 31. Qxf2 Bxf2 32. Kxf2 Kf7 33.
Ke3 Ke6 34. Kxd3 Ke5 0-1

[Event "III Festival A"]
[Site "Lido degli Estensi - Comacchio ITA"]
[Date "2002.06.10"]
[Round "3"]
[White "Ronchetti, Niccolo'"]
[Black "Kort, Jacob"]
[Result "1/2-1/2"]
[WhiteElo "2040"]
[BlackElo "2250"]
[PlyCount "118"]
[EventDate "2002.06.07"]

1. e4 e5 2. Nf3 Nc6 3. Bb5 g6 4. d4 exd4 5. Bg5 f6 6. Bh4 Bg7 7. Nxd4 Nge7 8.
Nxc6 bxc6 9. Ba4 Ba6 10. Nc3 Nf5 11. Qg4 Qe7 12. O-O-O Nxh4 13. Qxh4 O-O-O 14.
f4 Qc5 15. Rhe1 f5 16. e5 d6 17. Qg3 dxe5 18. fxe5 Rxd1+ 19. Nxd1 Bh6+ 20. Kb1
Bd2 21. Rh1 Re8 22. Qh4 h5 23. Qf6 Kb7 24. Qxg6 Rxe5 25. Qxh5 Qb4 26. Bb3 Be1
27. Qg5 Bh4 28. Qg7 Re2 29. g3 Qe4 30. Rg1 Be7 31. a3 Rxh2 32. Nc3 Qe3 33. Rd1
Bc5 34. Qg6 Qf3 35. Be6 Bd6 36. Qxf5 Qxf5 37. Bxf5 Bxg3 38. Be4 Bd6 39. Rd4 Be5
40. Rb4+ Kc8 41. Bxc6 Bxc3 42. bxc3 Rh6 43. Bd5 c5 44. Rf4 Kc7 45. Rf7+ Kb6 46.
Kb2 Rd6 47. c4 Rh6 48. Kb3 Bc8 49. a4 Rh3+ 50. c3 Rh6 51. a5+ Kxa5 52. Rc7 Rb6+
53. Ka3 Rb8 54. Rxc5+ Ka6 55. Rc6+ Ka5 56. c5 Bb7 57. Rd6 Bxd5 58. Rxd5 Kb5 59.
Kb3 a5 1/2-1/2

[Event "III Festival A"]
[Site "Lido degli Estensi - Comacchio ITA"]
[Date "2002.06.10"]
[Round "3"]
[White "Rotstein, Arkadij"]
[Black "Valenti, Richard"]
[Result "1-0"]
[WhiteElo "2553"]
[BlackElo "2152"]
[PlyCount "75"]
[EventDate "2002.06.07"]

1. b3 e5 2. Bb2 d6 3. g3 Nf6 4. Bg2 g6 5. d4 Bg7 6. dxe5 Ng4 7. c4 O-O 8. Nc3
Nxe5 9. Nh3 Nbc6 10. Nf4 h5 11. h3 a5 12. O-O Nd4 13. Ncd5 Ne6 14. Qc2 Nc5 15.
Rad1 h4 16. g4 Bd7 17. Bd4 c6 18. Nc3 Qc7 19. Qb2 Rad8 20. Kh1 Ned3 21. exd3
Bxd4 22. Nfe2 Bg7 23. d4 Ne6 24. f4 f5 25. Qd2 Qb6 26. gxf5 gxf5 27. Rg1 Kh8
28. d5 Nc5 29. Nd4 Rde8 30. Qf2 Bf6 31. Qf3 Re7 32. dxc6 bxc6 33. Nde2 Ne4 34.
Nxe4 fxe4 35. Qh5+ Rh7 36. Qg6 Qe3 37. Rxd6 Bxh3 38. Bxe4 1-0